书目信息 |
| 题名: |
土木工程地质
|
|
| 作者: | 陈洪江 编著 | |
| 分册: | ||
| 出版信息: | 北京 中国建材工业出版社 2005.9 |
|
| 页数: | 368页 | |
| 开本: | 26cm | |
| 丛书名: | ||
| 单 册: | ||
| 中图分类: | P642 | |
| 科图分类: | ||
| 主题词: | 土木工程--tu mu gong cheng--工程地质 , 工程地质--gong cheng di zhi | |
| 电子资源: | ||
| ISBN: | 7-80159-950-0 | |
| 000 | 00969nam0 2200277 450 | |
| 001 | CAL 012006020636 | |
| 005 | 20061031150012.78 | |
| 010 | @a7-80159-950-0@dCNY42.00(含光盘) | |
| 010 | @a7-89994-783-9@b光盘 | |
| 099 | @aCAL 012006020636 | |
| 100 | @a20060909e20062005em y0chiy0120 ea | |
| 101 | 0 | @achi |
| 102 | @aCN@b110000 | |
| 105 | @aak a 000yy | |
| 200 | 1 | @a土木工程地质@Atu mu gong cheng di zhi@f陈洪江编著 |
| 210 | @a北京@c中国建材工业出版社@d2005.9@h2006.5重印 | |
| 215 | @a368页@c图@d26cm@e光盘1片 | |
| 320 | @a有书目 (第368页) | |
| 330 | @a本书系统地阐述了工程地质学的基本原理、地质作用与地质灾害的防治、工程地质勘察及土木工程中的地质问题评价。 | |
| 333 | @a阅读对象: 高等学校土木工程相关专业学生、工民建相关专业工程技术人员等 | |
| 606 | 0 | @a土木工程@Atu mu gong cheng@x工程地质 |
| 606 | 0 | @a工程地质@Agong cheng di zhi |
| 690 | @aP642@v4 | |
| 701 | 0 | @a陈洪江@Achen hong jiang@4编著 |
| 801 | 0 | @aCN@c20061031 |
| 905 | @a10447@dP642@eC440 | |
| 土木工程地质/陈洪江编著.-北京:中国建材工业出版社,2005.9(2006.5重印) |
| 368页:图;26cm+光盘1片 |
| 使用对象:阅读对象: 高等学校土木工程相关专业学生、工民建相关专业工程技术人员等 |
| ISBN 7-80159-950-0:CNY42.00(含光盘) |
| 本书系统地阐述了工程地质学的基本原理、地质作用与地质灾害的防治、工程地质勘察及土木工程中的地质问题评价。 |
| ● |
| 相关链接 |
|
|
|
正题名:土木工程地质
索取号:P642/C440
 
预约/预借
| 序号 | 登录号 | 条形码 | 馆藏地/架位号 | 状态 | 备注 |
| 1 | 631437 | 206314371 | 自科库401/401自科库 133排1列3层/ [索取号:P642/C440] | 在馆 |